000 01628cam a22004937a 4500
001 7769968
003 OSt
005 20210907114911.0
006 m d
007 cr n
008 090515s2010 nyua sb 001 0 eng d
015 _aGBA977108
_2bnb
015 _a09N232095
_2dnb
016 7 _a015342055
_2Uk
020 _a9781441909527 (hbk.)
035 _a(WaSeSS)ssj0000315624
038 _akhadija
040 _aUKM
_cUKM
_dCDX
_dYDXCP
_dDEBBG
_dDLC
_dWaSeSS
042 _aukblcatcopy
_alccopycat
050 4 _aTA1634
_b.S68 2010
050 4 _aTA1634
082 0 4 _a006.37
_222
_bSMA
084 _aDAT 760f
_2stub
084 _aFEI 740f
_2stub
100 _aBelbachir, Ahmed Nabil
_982240
210 1 0 _aSmart cameras
245 0 0 _aSmart cameras /
_cAhmed Nabil Belbachir, editor.
260 _aLondon ;
_aNew York :
_bSpringer,
_cc2010.
504 _aIncludes bibliographical references and index.
506 _aLicense restrictions may limit access.
563 _ahardcover
650 0 _aComputer vision.
_92862
650 0 _aCameras.
_982241
650 0 7 _aEingebettetes System.
_2swd
_981621
650 0 7 _aIntelligente Kamera.
_2swd
_982242
650 0 7 _aMaschinelles Sehen.
_2swd
_982243
650 0 7 _aVerteiltes System.
_2swd
_982244
655 7 _aAufsatzsammlung.
_2swd
_92047
700 1 _aBelbachir, Ahmed Nabil.
_982240
773 0 _tSpringerLink ebooks - Engineering (2010)
856 4 0 _uhttp://www.columbia.edu/cgi-bin/cul/resolve?clio7769968
_zFull text available from SpringerLink ebooks - Engineering (2010)
910 _aLibrary of Congress record
942 _2ddc
_cBK
999 _c32974
_d32974